<?xml version="1.0" encoding="UTF-8"?>
<record
    xmlns:xsi="http://www.w3.org/2001/XMLSchema-instance"
    xsi:schemaLocation="http://www.loc.gov/MARC21/slim http://www.loc.gov/standards/marcxml/schema/MARC21slim.xsd"
    xmlns="http://www.loc.gov/MARC21/slim">

  <leader>03648cam a22004214i 4500</leader>
  <controlfield tag="003">PE-LiUPU</controlfield>
  <controlfield tag="005">20250731173333.0</controlfield>
  <controlfield tag="008">150616s                r     000 0     d</controlfield>
  <datafield tag="020" ind1=" " ind2=" ">
    <subfield code="a">9505121253</subfield>
  </datafield>
  <datafield tag="035" ind1=" " ind2=" ">
    <subfield code="a">(Sirsi) i9789505121250</subfield>
  </datafield>
  <datafield tag="040" ind1=" " ind2=" ">
    <subfield code="a">PE-LiUPU</subfield>
    <subfield code="b">spa</subfield>
    <subfield code="c">PE-LiUPU</subfield>
    <subfield code="e">rda</subfield>
  </datafield>
  <datafield tag="049" ind1=" " ind2=" ">
    <subfield code="a">PRUA</subfield>
  </datafield>
  <datafield tag="082" ind1="0" ind2="4">
    <subfield code="a">252</subfield>
    <subfield code="b">A581p</subfield>
    <subfield code="2">23</subfield>
  </datafield>
  <datafield tag="100" ind1="1" ind2=" ">
    <subfield code="a">Angelelli, Enrique Angel,</subfield>
    <subfield code="d">1923-1976</subfield>
    <subfield code="e">autor.</subfield>
  </datafield>
  <datafield tag="245" ind1="1" ind2="0">
    <subfield code="a">Pastor y profeta : </subfield>
    <subfield code="b">selecci&#xF3;n de homil&#xED;as, mensajes y cartas pastorales de monse&#xF1;or Enrique Angel Angelelli, obispo de La Rioja (1968-1976) /</subfield>
    <subfield code="c">Enrique Angel Angelelli.</subfield>
  </datafield>
  <datafield tag="264" ind1=" " ind2="1">
    <subfield code="a">Buenos Aires :</subfield>
    <subfield code="b">Editorial Claretiana,</subfield>
    <subfield code="c">1986.</subfield>
  </datafield>
  <datafield tag="300" ind1=" " ind2=" ">
    <subfield code="a">160 p&#xE1;ginas :</subfield>
    <subfield code="b">ilustraciones ;</subfield>
    <subfield code="c">21 cent&#xED;metros.</subfield>
  </datafield>
  <datafield tag="336" ind1=" " ind2=" ">
    <subfield code="a">text</subfield>
    <subfield code="2">rdacontent</subfield>
  </datafield>
  <datafield tag="337" ind1=" " ind2=" ">
    <subfield code="a">unmediated</subfield>
    <subfield code="2">rdamedia</subfield>
  </datafield>
  <datafield tag="338" ind1=" " ind2=" ">
    <subfield code="a">volume</subfield>
    <subfield code="2">rdacarrier</subfield>
  </datafield>
  <datafield tag="505" ind1="0" ind2=" ">
    <subfield code="a">Un riojano m&#xE1;s para pastorear este pueblo de Dios -- Pacificar el coraz&#xF3;n, mirar al futuro, preparar los hombres del ma&#xF1;ana -- El obispo, hombre crucificado; en su coraz&#xF3;n deben encontrar cabida las alegr&#xED;as y los dolores de su pueblo -- Descubramos las fuerzas que llevamos dentro, para leer el evangelio con ojos y coraz&#xF3;n de ni&#xF1;o, que son los ojos y el coraz&#xF3;n del Dios de los cristianos -- Con alma de ni&#xF1;os, dar acogida en nuestro coraz&#xF3;n al don de la paz -- Colecta M&#xE1;s por Menos, toma de conciencia nacional, un comienzo para aplicar en cristiano la distribuci&#xF3;n de los bienes -- Urge escuchar la voz de Cristo y llegar incluso a opciones y rupturas interiores si queremos cambiar nuestra manera de vivir -- Una lecci&#xF3;n que todos debemos aprender -- Desde aqu&#xED; anunciamos la esperanza que tanta falta nos hace -- Queremos hacer realidad la pascua en La Rioja y en la patria -- Reflexi&#xF3;n ante los nuevos hechos de violencia que sacuden a La Rioja: extraer una lecci&#xF3;n del D&#xED;a del Ni&#xF1;o -- Hemos vivido intensamente alegr&#xED;as y dolores profundos -- En nuestras madres encontramos un eco de la grandeza y del amor de Dios -- Quiero manifestar un amor grande al pueblo riojano que el Se&#xF1;or me confi&#xF3;; un amor grande a esta hora hist&#xF3;rica en que nos toca vivir y que juntos vamos tejiendo dolorosamente; un amor grande a Cristo y a su Iglesia -- Somos obispos y pastores de un Concilio que debe ser llevado a la pr&#xE1;ctica -- Ser hombres de la luz es no evadirnos de nuestra realidad y construir nuestra historia con los dem&#xE1;s -- Es misi&#xF3;n del obispo y de toda la Iglesia cuidar que las piedras vivas del cuerpo de Cristo sean respetadas y embellecidas -- Les anunciamos la pascua de siempre, la definitivamente realizada en Cristo, la pascua a&#xFA;n no acabada en nosotros -- Vocaci&#xF3;n, ordenaci&#xF3;n sacerdotal, misi&#xF3;n -- Seguimos mirando nuestro presente y nuestro futuro con esperanza, aunque sea dolorosa nuestra realidad -- Jes&#xFA;s, nacido en Bel&#xE9;n, encuentra a los argentinos, que celebramos esta noche de paz, rechazando los fundamentos verdaderos de la paz -- Seamos constructores de esperanza y de paz -- Dios nuestro Padre, tiene caminos distintos a los que solemos construir los hombres -- Hoy estamos aqu&#xED; y ma&#xF1;ana habr&#xE1; otros que estar&#xE1;n rezando por nosotros, como nosotros estamos rezando ahora por Gabriel y Carlos.</subfield>
  </datafield>
  <datafield tag="526" ind1=" " ind2=" ">
    <subfield code="a">SEG42</subfield>
  </datafield>
  <datafield tag="526" ind1=" " ind2=" ">
    <subfield code="a">SEG41</subfield>
  </datafield>
  <datafield tag="526" ind1=" " ind2=" ">
    <subfield code="a">SEG40</subfield>
  </datafield>
  <datafield tag="526" ind1=" " ind2=" ">
    <subfield code="a">SEG39</subfield>
  </datafield>
  <datafield tag="526" ind1=" " ind2=" ">
    <subfield code="a">P94</subfield>
  </datafield>
  <datafield tag="526" ind1=" " ind2=" ">
    <subfield code="a">P87</subfield>
  </datafield>
  <datafield tag="526" ind1=" " ind2=" ">
    <subfield code="a">P86</subfield>
  </datafield>
  <datafield tag="526" ind1=" " ind2=" ">
    <subfield code="a">P85</subfield>
  </datafield>
  <datafield tag="526" ind1=" " ind2=" ">
    <subfield code="a">P77</subfield>
  </datafield>
  <datafield tag="526" ind1=" " ind2=" ">
    <subfield code="a">P76</subfield>
  </datafield>
  <datafield tag="526" ind1=" " ind2=" ">
    <subfield code="a">P35</subfield>
  </datafield>
  <datafield tag="600" ind1=" " ind2="0">
    <subfield code="a">Angelelli, Enrique Angel,</subfield>
    <subfield code="d">1923-1976</subfield>
    <subfield code="x">Consejos, reflexiones, etc.</subfield>
    <subfield code="9">4337</subfield>
  </datafield>
  <datafield tag="910" ind1=" " ind2=" ">
    <subfield code="a">jck</subfield>
  </datafield>
  <datafield tag="942" ind1=" " ind2=" ">
    <subfield code="2">ddc</subfield>
    <subfield code="c">BK</subfield>
  </datafield>
  <datafield tag="999" ind1=" " ind2=" ">
    <subfield code="c">48471</subfield>
    <subfield code="d">48471</subfield>
  </datafield>
  <datafield tag="980" ind1=" " ind2=" ">
    <subfield code="8">1</subfield>
    <subfield code="g">ALBERTO SANCHEZ Responsable de Automatizaci&#xF3;n</subfield>
  </datafield>
  <datafield tag="952" ind1=" " ind2=" ">
    <subfield code="r">2025-12-03 00:00:00</subfield>
    <subfield code="i">6</subfield>
    <subfield code="l">0</subfield>
    <subfield code="o">252 A581p</subfield>
    <subfield code="p">27472</subfield>
    <subfield code="t">e1</subfield>
    <subfield code="w">2015-06-16</subfield>
    <subfield code="x">FACTEO</subfield>
    <subfield code="y">BK</subfield>
    <subfield code="z">inventario-2023-12-13</subfield>
    <subfield code="1">0</subfield>
    <subfield code="2">ddc</subfield>
    <subfield code="5">0</subfield>
    <subfield code="7">0</subfield>
    <subfield code="8">GEN</subfield>
    <subfield code="f">P94</subfield>
    <subfield code="a">BUL</subfield>
    <subfield code="b">BUL</subfield>
    <subfield code="c">GEN</subfield>
    <subfield code="d">2015-06-16</subfield>
    <subfield code="e">COMPRA</subfield>
  </datafield>
</record>
